Bluelock Quotes - Statistics

General Stats
  • This quiz has been taken 170 times
  • The average score is 20 of 32
Answer Stats
Answer % Correct
Blind spot, off the ball. Isagi Yoichi
96%
Are you ready, right leg? Chigiri Hyoma
91%
Lock Off!!! Ego Jinpachi
89%
Learn something about how the human eye works you piece of trash Itoshi Rin
86%
Can i get your contact info? Shidou Ryusei
86%
Auf die knie Blue lock,! MIchael Kaiser
85%
That was so easy. Why can't you guys do that? Nagi Seishiro
85%
BOOM!!! Bachira Meguru
84%
Im going Isagi hunting! Barou Shouei
81%
Only the idiots that can keep up will see whats next. Sae
81%
I'm gonna be a soccer hero Kunigami Rensuke
79%
I'll take you to a world more enthralling than any nap or video game Mikage Reo
79%
While i'm on patrol. You wont be stealing any goals. Oliver Aiku
76%
Buddha be praised! Igarashi Gurimu
71%
Instead of assisting my teammates to win 1-0, it feels better to pull off a hat trick and lose 3-4. Noel Noa
67%
It's obvious where you're headed. Good call. But I'm fast, you know?" Julien Loki
64%
A violation of loyalty to Kaiser. That's your first yellow card. Alexis Ness
62%
Glam Aryu Jyubei
61%
It's not 11v11 anymore. It's 12v10. Wataru Kuon
55%
I'm gonna quit soccer! Hiori Yo
51%
Dance til you die you cripples. Lavinho
50%
I'M A GODDAMN SEXY FOOTBALLING MACHINE Raichi Jingo
50%
Is this the best the worlds best rookie can do!? Chris Prince
47%
You're just a copy after all. You sheltered chameleon Gagamaru Gin
44%
God never gives us more than we can handle. Yukimiya Kenyu
44%
Before you are a football player. You are a person. Marc Snuffy
43%
Dont get cocky off scoring one lucky goal, lil kitty. Meow Don Lorenzo
42%
If they take each other out. I'm first. Karasu Tabito
42%
I will produce players who can lead this country to a World Cup victory!! Anri Teieri
39%
So, you're Sae Itoshi's little brother, right? Leonardo Luna
34%
Let's crush each other Isagi, and wager our dreams! Asahi Naruhaya
24%
Your rhythm is dynamic enough, but you don't have enough attack patterns. Your playstyle lacks theatrics. Pablo Cavasoz
23%
No matching quizzes found
Score Distribution
Percent of People with Each Score
Percentile by Number Answered
Your Score History
You have not taken this quiz